00859cam a22002537a 4500001001000000003000500010005001700015008004100032010001000073011001000083035001100093040000900104100002800113245009800141260004100239300001100280502011300291650002800404650001600432650002500448650005000473856006600523856001600589000093659CHAP20220817044021.0050419d2005 mx r 00110 spa d a90125 a91097 a101655 cCHAP00aArellano Llamas, Kenia.10aManual para el diseño de proyectos de ecoturismo en México /c/por Kenia Arellano Llamas. aChapingo, Méx. :bEl autor,c2005. a124 h. aTesis (Ing. Agr. Esp. en Economía Agrícola) - - UACH. División de Ciencias Económico Administrativas14aDesarrollo sustentable.14aEcoturismo.14aProyectosxDiseño.14aRecursos naturalesxConservaciónxMéxico. 3Finding aiduhttp://10.13.5.2/tesis/101655.pdfzTeclea aquí a1 n0000483